000 00475nam a2200181Ia 4500
003 0100
008 130303s9999 xx 000 0 und d
040 _cARRUPELIB
050 _aDT20.G452 1985 V.7
100 _aBoahen, A. Adu
245 _aUNESCO General History of Africa. VII
245 _bAfrica Under Colonial Domination 1880-1935
260 _aCalifornia
260 _bUNESCO Heinemann Educational Books Inc
260 _C1985
300 _a865p
942 0 0 _04
999 _c23682
_d23682